Statistics for Star Wars Characters by Movie: Phantom Menace

Click here to take the quiz!

General Stats

  • This quiz has been taken 19 times
  • The average score is 24 of 41

Answer Stats

HintAnswer% Correct
16Anakin Skywalker
100%
12Captain Panaka
100%
7Jar jar Binks
100%
4Nute Gunray
100%
1Obi-Wan Kenobi
100%
11Padme Amidala
100%
2Qui-Gon Jinn
100%
19Sebulba
100%
28Senator Palpatine
100%
17Shmi Skywalker
100%
18Watto
100%
8Boss Nass
88%
15C-3po
88%
27Chancellor Valorum
88%
26Darth Maul
88%
31Mace Windu
88%
14R2-D2
88%
30Yoda
88%
32Ki-adi-Mundi
75%
13Sabè
75%
33Plo Koon
63%
9Captain Tarpals
50%
22Jabba the Hutt
50%
40Depa Billaba
38%
5Rune Haako
38%
10Sio Bibble
38%
3TC-14
38%
35Yaddle
38%
20Ben Quadinaros
25%
23Bib Fortuna
25%
6Daultay Dofine
25%
21Kitster
25%
37Oppo Rancisis
25%
24Aurra Sing
13%
29Lot Dod
13%
41Mas Amedda
13%
38Stass Allie
13%
39Agen Kolar
0%
36Evan Piell
0%
25Quinlan Vos
0%
34Saesee Tiin
0%

Score Distribution

Percentile by Number Answered

Percent of People with Each Score

Your Score History

You have not taken this quiz